000 01641nam0a2200361 4500
001 RU\NLR\bibl\1845780
005 20260405134840.0
010 _a978-5-88575-221-3
_9250
035 _a(nilc)LIBNET\0000132452
035 _aRU\LSL\Books\2557595
035 _a(NLR Aleph) 001836214
090 _a2208676
_c2208676
100 _a20110406d2009 |||y0rusy50 ca
101 0 _arus
102 _aRU
105 _aa |||||||||
200 1 _aЭволюционная экология открытоживущих насекомых семенных растений
_e(на примере Каракумов)
_eмонография
_fВ. Г. Каплин
_gМ-во сел. хоз-ва РФ, ФГОУ ВПО "Самар. гос. с.-х. акад."
210 _aСамара
_cСамарская ГСХА
_d2009
215 _a311 с.
_cил.
_d21
320 _aБиблиогр.: с. 276-300 (379 назв.)
320 _aУказатели: с. 301-310
606 1 _aНасекомые
_xЭволюционная экология
_yКаракумы, пустыня (Средняя Азия)
_92630292
_3RU\NLR\auth\661566852
686 _aЕ621.158*80*22(2Р57)
_vLBC/SL
_2rubbk
686 _aЕ681.916.9(257)
700 1 _4070
_7ca
_8rus
_aКаплин
_bВ. Г.
_f1948-
_gВладимир Григорьевич
_938251
_3RU\NLR\auth\7755319
801 0 _aRU
_bНБ Казанского ГУ
_c20110406
_gRCR
801 1 _aRU
_bНБ Казанского ГУ
_c20110520
801 2 _aRU
_bНБ Казанского ГУ
_c20110525
801 2 _aRU
_bNLR
_c20111208
_grcr
830 _aавт. по кн.
942 _cBOOK
980 _aNB